Detalles MARC
| 000 -LÍDER |
| Campo fijo de descripción fija |
013000000a22003130004500 |
| 001 - NÚMERO DE CONTROL |
| Campo de control |
39 |
| 003 - IDENTIFICADOR DEL NÚMERO DE CONTROL |
| Campo de control |
CO-MdFUSB |
| 005 - FECHA Y HORA DE LA ULTIMA TRANSACCIÓN |
| control field |
20180622165925.0 |
| 008 - ELEMENTOS DE LONGITUD FIJA -- INFORMACIÓN GENERAL |
| Campo fijo de descripción fija -- Información general |
160318t20012001spa |f |||| 00| 0 spa d |
| 010 ## - NÚMERO DE CONTROL DE LA BIBLIOTECA DEL CONGRESO |
| Número de control LC |
CO-MdFUSB |
| 020 ## - NÚMERO INTERNACIONAL NORMALIZADO PARA LIBROS |
| Número Internacional Normalizado del libro |
84-3301649-0 |
| 040 ## - FUENTE DE CATALOGACIÓN |
| Agencia que realiza la transcripción |
CO-MdFUSB |
| Convenciones de la descripción |
rda |
| 082 04 - NÚMERO DE CLASIFICACIÓN DECIMAL DEWEY |
| Número de clasificación |
G 261.835 N424c |
| 100 1# - ASIENTO PRINCIPAL--NOMBRE PERSONAL |
| Nombre personal |
Nelson, James B. |
| 245 10 - TÍTULO |
| Título del Material |
La conexión íntima |
| Parte restante del título - Subtitulo |
: sexualidad del varón, espiritualidad masculina |
| Mención de responsabilidad, etc. |
/ James B. Nelson |
| 260 ## - PUBLICACIÓN, DISTRIBUCIÓN, ETC. (PIE DE IMPRENTA) |
| Lugar de publicación, distribución, etc. |
Bilbao : Desclée de Brouwer |
| 264 ## - PRODUCCIÓN, PUBLICACIÓN, DISTRIBUCIÓN, MANUFACTURA, Y COPYRIGHT |
| Lugar de producción, publicación, distribución, manufactura |
Bilbao |
| Nombre del productor, publicador, distribuidor |
: Desclée de Brouwer |
| Fecha de producción, publicación, distribución, manufactura, o copyright |
2001 |
| 300 ## - DESCRIPCIÓN FÍSICA |
| Extensión |
223 p. |
| 336 ## - TIPO DE CONTENIDO |
| Término de tipo de contenido |
|
| Código de tipo de contenido |
txt |
| Fuente |
rdacontent |
| 337 ## - TIPO DE MEDIO |
| Fuente |
rdamedia |
| Nombre del tipo de medio |
|
| Código del tipo de medio |
n |
| 338 ## - TIPO DE SOPORTE |
| Nombre del tipo de soporte |
|
| Fuente |
rdacarrier |
| Código Tipo de soporte |
nc |
| 500 ## - NOTA GENERAL |
| Nota General |
Título original en inglés : The intimate connection. Male sexuality, maculine spirituality |
| 501 ## - NOTA DE “CON” |
| Nota de Contenido |
rústico |
| 504 ## - NOTA DE BIBLIOGRAFÍA, ETC. |
| Nota de bibliografía, etc |
Incluye referencias bibliográficas: páginas |
| 505 00 - NOTA DE CONTENIDO |
| Nota de contenido con formato preestablecido |
1. Sexualidad del varón y espiritualidad masculina<br/>2. Asumir el misterio sexual<br/>3. Asumir la amistad<br/>4. Asumir la mortalidad<br/>5. Asumir la masculinidad<br/>6. Nuevos caminos en la espiritualidad sexual |
| 650 14 - ASIENTO SECUNDARIO DE MATERIA - TERMINO TEMÁTICO |
| Término temático o nombre geográfico como elemento de entrada |
HOMOSEXUALIDAD - HOMBRE \ SEXO (TEOLOGIA) \ SEXO Y RELIGION |
| 653 ## - TÉRMINO DE INDIZACIÓN - NO CONTROLADO |
| Término no controlado |
HOMOSEXUALIDAD - HOMBRE \ SEXO (TEOLOGIA) \ SEXO Y RELIGION |
| -- |
HOMOSEXUALIDAD - HOMBRE \ SEXO (TEOLOGIA) \ SEXO Y RELIGION |
| 942 ## - TIPO DE MATERIAL (KOHA) |
| Tipo de Item KOHA |
Libros General |